[Event "ROM-ch U16 Boys"]
[Site "Voineasa"]
[Date "2008.04.13"]
[Round "3"]
[White "Pisu, Robert Daniel"]
[Black "Sandru, Cristian Spartacus"]
[Result "1-0"]
[WhiteElo "875"]
[BlackElo "1692"]
[PlyCount "79"]
[EventDate "2008.04.08"]
[EventType "swiss"]
[EventRounds "9"]
[EventCountry "ROU"]
[SourceTitle "EXT 2013"]
[Source "ChessBase"]
[SourceDate "2012.11.22"]
[SourceVersion "1"]
[SourceVersionDate "2012.11.22"]
[SourceQuality "1"]

1. e4 g6 2. d4 b6 3. Nf3 Bb7 4. Bd3 Bg7 5. 0-0 e6 6. c4 Ne7 7. Nc3 0-0 8. Be3 d5 9. cxd5 exd5 10. e5 Nd7 11. b4 Qc8 12. Rc1 a5 13. Nb5 c6 14. Nd6 Qc7 15. b5 Qb8 16. Qa4 c5 17. dxc5 Nxe5 18. Nxe5 Bxe5 19. Nxb7 Qxb7 20. c6 Qc7 21. Qh4 Rad8 22. Bxb6 Qxb6 23. Qxe7 Rfe8 24. Qc5 Qc7 25. b6 Bxh2+ 26. Kh1 Qd6 27. Qxd6 Bxd6 28. c7 Rc8 29. Ba6 Re5 30. Bxc8 Kf8 31. Bh3 Re8 32. c8Q Rxc8 33. Rxc8+ Kg7 34. b7 a4 35. b8Q Bxb8 36. Rxb8 a3 37. Rb3 h5 38. Rxa3 d4 39. Rd3 f5 40. Rc1 1-0